[Event " "]
[Site "Clichy II"]
[Date "31.??.??"]
[Round "10.3"]
[White "Bouhallel, Rabah"]
[Black "Stets, Dmitry"]
[Result "1-0"]
[WhiteElo "2310"]
[BlackElo "2380"]
[PlyCount "109"]
[EventDate "31.??.??"]
[WhiteTeam "Lille"]
[BlackTeam "Niort"]

1. e4 c5 2. Nf3 d6 3. Bb5+ Nd7 4. O-O a6 5. Bd3 Ngf6 6. c3 b5 7. Bc2 Bb7 8. Re1
c4 9. b3 e6 10. bxc4 bxc4 11. Na3 Qc7 12. Rb1 Nb6 13. Qe2 Nfd7 14. Nxc4 Nxc4
15. Rxb7 Qxb7 16. Qxc4 Be7 17. e5 dxe5 18. Be4 Rc8 19. Bxb7 Rxc4 20. Bxa6 Rc7
21. Bb5 f6 22. d4 Kf7 23. dxe5 Nxe5 24. Nxe5+ fxe5 25. c4 Rd8 26. Be3 Rd3 27.
a4 Ra3 28. Bb6 Rc8 29. g3 Bd8 30. Be3 Ba5 31. Rc1 Bc3 32. Rd1 Ra1 33. Rxa1 Bxa1
34. a5 Bd4 35. Kf1 Ke7 36. Ke2 Kd6 37. a6 Rc7 38. Bd2 Kc5 39. f3 Rf7 40. Ba5 e4
41. fxe4 Rf2+ 42. Kd3 Rf3+ 43. Ke2 Ra3 44. Bc7 h5 45. e5 Ra2+ 46. Kd3 Bg1 47.
Kc3 g5 48. Kb3 Ra1 49. h3 g4 50. hxg4 hxg4 51. Ba4 Bd4 52. a7 Rb1+ 53. Kc2 Rb2+
54. Kd3 Ra2 55. a8=Q 1-0

[Event " "]
[Site "Clichy II"]
[Date "31.??.??"]
[Round "10.4"]
[White "Lagarde, Maxime"]
[Black "Cappon, John"]
[Result "1-0"]
[WhiteElo "2202"]
[BlackElo "2221"]
[PlyCount "51"]
[EventDate "31.??.??"]
[WhiteTeam "Niort"]

1. e4 c5 2. Nf3 e6 3. d4 cxd4 4. Nxd4 a6 5. Bd3 Qc7 6. c4 Nc6 7. Nf3 Nf6 8. Nc3
Bc5 9. h3 b6 10. a3 Bb7 11. b4 Be7 12. Bb2 d6 13. Rc1 Ne5 14. Nxe5 dxe5 15. O-O
O-O 16. Qe2 Qb8 17. f4 a5 18. fxe5 Nd7 19. Nd5 exd5 20. exd5 axb4 21. e6 Nf6
22. Bxf6 Bxf6 23. Rxf6 fxe6 24. Qxe6+ Kh8 25. Qe4 g6 26. Qd4 1-0

[Event " "]
[Site "Clichy II"]
[Date "31.??.??"]
[Round "10.5"]
[White "Vallet, Marc"]
[Black "Tranchant, Sebastien"]
[Result "0-1"]
[WhiteElo "2200"]
[BlackElo "2232"]
[PlyCount "128"]
[EventDate "31.??.??"]
[WhiteTeam "Lille"]
[BlackTeam "Niort"]

1. e4 c5 2. Nf3 d6 3. d4 cxd4 4. Nxd4 Nf6 5. Nc3 a6 6. Bc4 e6 7. Bb3 Nbd7 8. f4
Nc5 9. f5 Be7 10. Qf3 Bd7 11. g4 e5 12. Nde2 Bc6 13. Ng3 Nxb3 14. axb3 d5 15.
g5 Nxe4 16. Ngxe4 dxe4 17. Qg3 f6 18. Be3 fxg5 19. h4 g4 20. Qxg4 O-O 21. Rd1
Qc8 22. Rg1 Rf7 23. Bh6 Bf8 24. Nxe4 Qxf5 25. Qxf5 Rxf5 26. Ng3 Rf6 27. Bg5 Rf7
28. Be3 Be7 29. Bg5 Bc5 30. Rf1 h6 31. Rd8+ Rxd8 32. Bxd8 Rxf1+ 33. Kxf1 Kf7
34. Bc7 Ke6 35. Ke2 Be7 36. h5 Bh4 37. Kf2 Bg5 38. b4 Bc1 39. b3 Bd2 40. Ba5 b5
41. c4 e4 42. Nf1 Bg5 43. Bb6 Be8 44. Bd4 Bxh5 45. Bxg7 Bd1 46. Ne3 Bxb3 47.
cxb5 axb5 48. Bc3 h5 49. Bd2 Bh4+ 50. Kg2 Kf6 51. Kh3 Bg5 52. Kg3 Be6 53. Bc3+
Kg6 54. Bd4 h4+ 55. Kf2 Be7 56. Bc3 Bd6 57. Bd2 Bg3+ 58. Kg2 Be5 59. Kf2 Kh5
60. Kg2 h3+ 61. Kg1 Bg4 62. Nf1 Be2 63. Be3 Bxf1 64. Kxf1 Kg4 0-1

[Event " "]
[Site "Clichy II"]
[Date "31.??.??"]
[Round "10.6"]
[White "Demuth, Adrien"]
[Black "Julve, Philippe"]
[Result "1/2-1/2"]
[WhiteElo "2174"]
[BlackElo "2220"]
[PlyCount "62"]
[EventDate "31.??.??"]
[WhiteTeam "Niort"]

1. d4 g6 2. e4 Bg7 3. Nc3 d6 4. f4 c6 5. Nf3 Bg4 6. Be3 Qb6 7. Rb1 Bxf3 8. gxf3
e5 9. Ne2 Nd7 10. Qd2 Qc7 11. b4 Ngf6 12. Bh3 O-O 13. f5 b5 14. Rg1 Rfe8 15.
Ng3 d5 16. fxg6 hxg6 17. Bh6 Bh8 18. Bf5 exd4 19. Qg5 Nh7 20. Qh4 Ne5 21. Kf2
d3 22. cxd3 Bf6 23. Qh3 Ng5 24. Bxg5 Bxg5 25. Nh5 Nxd3+ 26. Kf1 Nf4 27. Qg3 Kf8
28. Qxg5 Nxh5 29. Qh6+ Ke7 30. Qg5+ Kf8 31. Qh6+ Ke7 1/2-1/2

[Event " "]
[Site "Clichy II"]
[Date "31.??.??"]
[Round "10.7"]
[White "Levaux, Christian"]
[Black "Voisembert, Alain"]
[Result "1-0"]
[WhiteElo "2073"]
[BlackElo "2133"]
[PlyCount "103"]
[EventDate "31.??.??"]
[WhiteTeam "Lille"]
[BlackTeam "Niort"]

1. c4 Nf6 2. Nc3 e5 3. Nf3 Nc6 4. g3 d6 5. Bg2 Be7 6. O-O O-O 7. d4 exd4 8.
Nxd4 Bd7 9. b3 Rb8 10. Bb2 Qc8 11. Re1 a6 12. Rc1 Re8 13. Nd5 Qd8 14. Nxe7+
Qxe7 15. e4 Nxd4 16. Qxd4 Bc6 17. Rc2 Rbd8 18. Qc3 Qe5 19. Qd2 Qe6 20. Qa5 Rd7
21. Rce2 Qg4 22. Bxf6 gxf6 23. Qc3 Qg6 24. Bh3 Rde7 25. Bf5 Qg7 26. Re3 Re5 27.
f4 R5e7 28. g4 Kh8 29. Rh3 h6 30. Qd4 Bd7 31. Bxd7 Rxd7 32. g5 fxg5 33. Rxh6+
Kg8 34. Qxg7+ Kxg7 35. fxg5 f5 36. Rf6 fxe4 37. Kf2 d5 38. cxd5 Rxd5 39. h4 Re7
40. Rf4 Rd2+ 41. Re2 e3+ 42. Kf3 Rxe2 43. Kxe2 Kg6 44. Rf6+ Kg7 45. h5 b6 46.
h6+ Kh7 47. Rc6 a5 48. a4 Re4 49. Rxc7+ Kg6 50. Rg7+ Kf5 51. h7 Rh4 52. Kxe3
1-0

[Event " "]
[Site "Clichy II"]
[Date "31.??.??"]
[Round "10.8"]
[White "Marchais, Aurelie"]
[Black "Swiercz, Sandra"]
[Result "1-0"]
[WhiteElo "1773"]
[BlackElo "1940"]
[PlyCount "55"]
[EventDate "31.??.??"]
[WhiteTeam "Niort"]

1. e4 c5 2. Nf3 e6 3. d4 cxd4 4. Nxd4 a6 5. Nc3 Qc7 6. g3 Nc6 7. Bg2 Bc5 8. Nb3
Ba7 9. a4 Nge7 10. O-O O-O 11. Qe2 Ng6 12. Kh1 d6 13. f4 Nge7 14. Be3 Bxe3 15.
Qxe3 Bd7 16. Rad1 Rad8 17. Rd2 Bc8 18. Rfd1 Rd7 19. Qf2 Rfd8 20. f5 exf5 21.
exf5 f6 22. Qf4 Ne5 23. Nd4 Qb6 24. b3 Qb4 25. Nd5 Nxd5 26. Bxd5+ Kh8 27. Ne6
Qxf4 28. gxf4 1-0

[Event " "]
[Site "Clichy II"]
[Date "31.??.??"]
[Round "10.1"]
[White "Winants, Luc"]
[Black "Bojkov, Dejan"]
[Result "1-0"]
[WhiteElo "2524"]
[BlackElo "2487"]
[PlyCount "77"]
[EventDate "31.??.??"]
[WhiteTeam "Cappelle la Grande"]
[BlackTeam "Migné-Auxances"]

1. d4 Nf6 2. Bg5 e6 3. e3 c5 4. Nf3 b6 5. d5 d6 6. Nc3 e5 7. Bb5+ Bd7 8. Bxf6
Qxf6 9. a4 a6 10. Bxd7+ Nxd7 11. Nd2 Qd8 12. h4 Be7 13. Nc4 O-O 14. e4 Nf6 15.
Ne3 g6 16. h5 b5 17. Qf3 Qa5 18. Ng4 Nxg4 19. Qxg4 Rfe8 20. O-O b4 21. Nd1 c4
22. Ne3 Qc5 23. b3 c3 24. g3 Qc8 25. Qxc8 Rexc8 26. Kg2 a5 27. Rae1 Rc5 28. f4
exf4 29. gxf4 Re8 30. Kf3 Bf6 31. Rd1 Bg7 32. Rg1 Kf8 33. hxg6 hxg6 34. f5 Bh6
35. Ng4 Bg5 36. f6 Rec8 37. Rh1 Ke8 38. Rh7 R8c7 39. Rdh1 1-0

[Event " "]
[Site "Clichy II"]
[Date "31.??.??"]
[Round "10.2"]
[White "Inkiov, Ventzislav"]
[Black "Carlier, Bruno"]
[Result "1/2-1/2"]
[WhiteElo "2509"]
[BlackElo "2425"]
[PlyCount "63"]
[EventDate "31.??.??"]
[WhiteTeam "Migné-Auxances"]

1. d4 d6 2. e4 Nf6 3. Nc3 e5 4. dxe5 dxe5 5. Qxd8+ Kxd8 6. Bc4 Ke8 7. Nf3 Bd6
8. Bg5 Nbd7 9. O-O-O h6 10. Bh4 a6 11. Rhe1 b5 12. Bd5 Nxd5 13. Nxd5 f6 14. Bg3
Kf7 15. h4 h5 16. Nd2 c6 17. Ne3 Bc7 18. Nf3 g6 19. Rd3 a5 20. Red1 Ke8 21. a4
bxa4 22. Nd2 Ke7 23. Rc3 Bb6 24. Rxc6 Bxe3 25. fxe3 Ra6 26. Rc7 Rd6 27. Nc4
Rxd1+ 28. Kxd1 Ba6 29. Nxa5 Bf1 30. Be1 Bxg2 31. Bb4+ Ke6 32. Ra7 1/2-1/2

[Event " "]
[Site "Clichy II"]
[Date "31.??.??"]
[Round "10.3"]
[White "Jossien, Arnaud"]
[Black "Pel, Bonno"]
[Result "0-1"]
[WhiteElo "2365"]
[BlackElo "2255"]
[PlyCount "110"]
[EventDate "31.??.??"]
[WhiteTeam "Cappelle la Grande"]
[BlackTeam "Migné-Auxances"]

1. c4 g6 2. Nc3 Bg7 3. g3 d6 4. Bg2 Nf6 5. Nf3 O-O 6. a3 c6 7. O-O a6 8. b4 b5
9. cxb5 axb5 10. Bb2 d5 11. a4 bxa4 12. Nxa4 Qd6 13. Nc5 Rxa1 14. Qxa1 Nbd7 15.
Rc1 Ne8 16. Bxg7 Nxg7 17. Qa7 Nxc5 18. Qxc5 Bd7 19. Nd4 Qxc5 20. Rxc5 Ra8 21.
f4 Ne6 22. Nxe6 fxe6 23. Ra5 Rd8 24. Ra7 Kf7 25. Kf2 Ke8 26. Rb7 Ra8 27. e4 Kd8
28. b5 Ra2 29. Ke2 cxb5 30. exd5 exd5 31. Bxd5 Bg4+ 32. Ke3 Ra3+ 33. Kd4 Be2
34. Kc5 Rd3 35. Kc6 e6 36. Rd7+ Ke8 37. Bxe6 Rxd7 38. Bxd7+ Ke7 39. Kc7 b4 40.
Ba4 Bc4 41. f5 gxf5 42. Bc2 Ke6 43. d4 b3 44. Bb1 Bd5 45. Bd3 b2 46. Bb1 Be4
47. Ba2+ Ke7 48. h3 h6 49. h4 h5 50. Bb1 Ke6 51. Ba2+ Kf6 52. Kd7 b1=Q 53. Bxb1
Bxb1 54. d5 Bc2 55. Kc7 Ba4 0-1

[Event " "]
[Site "Clichy II"]
[Date "31.??.??"]
[Round "10.4"]
[White "Picard, Romain"]
[Black "Platel, Alexandre"]
[Result "1/2-1/2"]
[WhiteElo "2316"]
[BlackElo "2197"]
[PlyCount "57"]
[EventDate "31.??.??"]
[WhiteTeam "Migné-Auxances"]

1. e4 c5 2. Nf3 e6 3. d4 cxd4 4. Nxd4 a6 5. Be2 b5 6. O-O Bb7 7. Bf3 Nc6 8. a4
b4 9. c3 Qc7 10. cxb4 Bxb4 11. Nxc6 Bxc6 12. Nc3 Nf6 13. Bd2 Be7 14. b4 Rb8 15.
b5 axb5 16. axb5 Bxb5 17. Nxb5 Rxb5 18. Qa4 Qb8 19. e5 Nd5 20. Bxd5 exd5 21.
Qg4 O-O 22. Bc3 Bb4 23. Bd4 Bc5 24. Bc3 d4 25. Bxd4 Rb4 26. Rad1 Qxe5 27. Bxe5
Rxg4 28. Rxd7 Re8 29. Rd5 1/2-1/2

[Event " "]
[Site "Clichy II"]
[Date "31.??.??"]
[Round "10.5"]
[White "Jossien, Remy"]
[Black "Bedouin, Xavier"]
[Result "0-1"]
[WhiteElo "2248"]
[BlackElo "2328"]
[PlyCount "60"]
[EventDate "31.??.??"]
[WhiteTeam "Cappelle la Grande"]
[BlackTeam "Migné-Auxances"]

1. e4 e5 2. Nc3 Nf6 3. Bc4 Bb4 4. Nge2 O-O 5. d3 c6 6. a3 Bc5 7. Ng3 d5 8. exd5
cxd5 9. Bb3 Ng4 10. Qf3 Bxf2+ 11. Kf1 Nc6 12. Nf5 Nd4 13. Nxd4 exd4 14. Nxd5
Be6 15. h3 Ne3+ 16. Bxe3 Bxe3 17. Re1 Bxd5 18. Bxd5 Qb6 19. b3 Rad8 20. g4 Qc5
21. Bc4 b5 22. b4 Qe5 23. Bb3 Rd6 24. Ke2 Rf6 25. Qb7 Bf2+ 26. Kd1 Bxe1 27.
Rxe1 Qg5 28. Qe7 h6 29. Re4 Rf1+ 30. Ke2 Qc1 0-1

[Event " "]
[Site "Clichy II"]
[Date "31.??.??"]
[Round "10.6"]
[White "Picard, Clement"]
[Black "Husson, Cybele"]
[Result "1-0"]
[WhiteElo "2170"]
[BlackElo "2042"]
[PlyCount "71"]
[EventDate "31.??.??"]
[WhiteTeam "Migné-Auxances"]

1. e4 Nf6 2. e5 Nd5 3. d4 d6 4. Nf3 g6 5. Bc4 c6 6. exd6 Qxd6 7. O-O Bg7 8. h3
O-O 9. Nbd2 Nd7 10. Ne4 Qb4 11. Bb3 N7f6 12. Nc5 Qb6 13. Re1 Qc7 14. Bg5 h6 15.
Bh4 b6 16. Bg3 Qd8 17. Nd3 Nh5 18. Bh2 Be6 19. Nfe5 Bd7 20. Qf3 e6 21. Nxd7
Qxd7 22. Ne5 Qb7 23. Rad1 Rac8 24. c3 Nhf6 25. Bc2 Kh7 26. Kh1 Qa6 27. a3 Qb5
28. b4 Ne7 29. Bb3 c5 30. dxc5 bxc5 31. a4 Qe8 32. b5 Nfd5 33. c4 Nb6 34. Qb7
Ra8 35. a5 Qc8 36. Qxe7 1-0

[Event " "]
[Site "Clichy II"]
[Date "31.??.??"]
[Round "10.7"]
[White "Couche, Didier"]
[Black "Saada, Julien"]
[Result "0-1"]
[WhiteElo "2127"]
[BlackElo "2235"]
[PlyCount "91"]
[EventDate "31.??.??"]
[WhiteTeam "Cappelle la Grande"]
[BlackTeam "Migné-Auxances"]

1. d4 d5 2. c4 e6 3. Nf3 Nf6 4. Bg5 c6 5. e3 Nbd7 6. Nbd2 Be7 7. Bd3 c5 8. O-O
O-O 9. Rc1 b6 10. cxd5 exd5 11. Bb5 Bb7 12. dxc5 bxc5 13. Bxd7 Nxd7 14. Bxe7
Qxe7 15. Qb3 Bc6 16. Qa3 Rfc8 17. Nb3 Bb7 18. Na5 Rab8 19. Nxb7 Rxb7 20. b3 Nf6
21. Rc2 Rbc7 22. Rfc1 Ne4 23. Nd4 h6 24. Nb5 Rb7 25. Nc3 Nxc3 26. Rxc3 Rbc7 27.
h3 Rc6 28. Rd1 Rg6 29. g3 Rg5 30. Rdc1 Qe6 31. Kh2 Rf5 32. Kg2 Qe4+ 33. Kg1 Qf3
34. R1c2 Rc6 35. e4 Qxe4 36. Rxc5 Qe1+ 37. Kg2 Qe4+ 38. Kg1 Qe1+ 39. Kg2 Rcf6
40. Rc8+ Kh7 41. Qxa7 Qe4+ 42. Kh2 Rf3 43. Rd2 d4 44. Rcc2 Rc3 45. Re2 Rxc2 46.
Rxc2 0-1

[Event " "]
[Site "Clichy II"]
[Date "31.??.??"]
[Round "10.8"]
[White "Boulan, Laura"]
[Black "Gouvart, Stephane"]
[Result "0-1"]
[WhiteElo "1919"]
[BlackElo "1967"]
[PlyCount "86"]
[EventDate "31.??.??"]
[WhiteTeam "Migné-Auxances"]

1. e4 e5 2. Nf3 Nc6 3. Bc4 Be7 4. d3 Nf6 5. O-O O-O 6. Bb3 Re8 7. Re1 h6 8.
Nbd2 Bf8 9. Nf1 d6 10. h3 Bd7 11. c3 Ne7 12. Ng3 c6 13. Nh4 Qc8 14. Nh5 Nxh5
15. Qxh5 Be6 16. Re3 Bxb3 17. axb3 g6 18. Rg3 Kh7 19. Qe2 Qe6 20. Nf3 f5 21.
exf5 Nxf5 22. Rg4 Qf6 23. Re4 Re7 24. g4 Nh4 25. Nxh4 Qxh4 26. Qf3 d5 27. Rea4
b5 28. Ra6 Bg7 29. Qg2 Qf6 30. Be3 Qf7 $11 31. Rxc6 d4 32. Bd2 Rf8 33. c4 e4
34. dxe4 Rxe4 35. Qxe4 Qxf2+ 36. Kh1 Qxd2 37. Qg2 Rf2 38. Qg1 Qe2 39. Qg3 d3
40. Rd6 bxc4 41. Rd5 d2 42. Rg1 Qe4+ 43. Rg2 Rf1+ 0-1

[Event " "]
[Site "Clichy II"]
[Date "31.??.??"]
[Round "10.1"]
[White "David, Alberto"]
[Black "Le Roux, Jean-Pierre"]
[Result "1/2-1/2"]
[WhiteElo "2525"]
[BlackElo "2447"]
[PlyCount "81"]
[EventDate "31.??.??"]
[WhiteTeam "Clichy II"]
[BlackTeam "Guingamp"]

1. e4 c6 2. d4 d5 3. e5 Bf5 4. Be3 e6 5. Nd2 Ne7 6. Be2 h6 7. f4 c5 8. Ngf3
Nbc6 9. O-O cxd4 10. Nxd4 Nxd4 11. Bxd4 Nc6 12. Nb3 Nxd4 13. Nxd4 Bc5 14. Kh1
Be4 15. Bb5+ Kf8 16. Nb3 Bb6 17. Bd3 Bxd3 18. Qxd3 g6 19. Rae1 Rc8 20. c3 h5
21. Nd2 Kg7 22. Nf3 Rc4 23. Ng5 h4 24. Qh3 Qe7 25. Qg4 Bd8 26. Nf3 Bb6 27. a3
Rh5 28. Nd2 Rc8 29. Rf3 Rd8 30. Rh3 a6 31. Nf3 d4 32. c4 a5 33. Ng5 Rdh8 34.
Ne4 a4 35. Rf1 Qc7 36. Rc1 Qc6 37. Nf6 R5h6 38. Qd1 Bc5 39. Qd3 Rd8 40. Rc2 Be7
41. Ne4 1/2-1/2

[Event " "]
[Site "Clichy II"]
[Date "31.??.??"]
[Round "10.2"]
[White "Dumitrache, Dragos-Nicolae"]
[Black "Rainfray, Arnaud"]
[Result "0-1"]
[WhiteElo "2474"]
[BlackElo "2391"]
[PlyCount "62"]
[EventDate "31.??.??"]
[WhiteTeam "Guingamp"]

1. d4 d5 2. c4 e6 3. Nc3 Bb4 4. a3 Bxc3+ 5. bxc3 c5 6. e3 Ne7 7. Nf3 O-O 8. Bb2
Nbc6 9. Bd3 dxc4 10. Bxc4 Qc7 11. O-O Rd8 12. Rc1 b6 13. e4 Na5 14. Bd3 Ng6 15.
g3 e5 16. Kg2 Qd7 17. d5 c4 18. Be2 Qg4 19. Qc2 Nf4+ 20. Kg1 Rd6 21. Rfe1 Nh3+
22. Kg2 Rf6 23. Nxe5 Rxf2+ 24. Kh1 Qg5 25. Nf3 Qe3 26. Nd4 Nf4 27. Bf3 Qxe1+
28. Rxe1 Rxc2 29. Nxc2 Nd3 30. Rb1 Nb3 31. Bg2 Nd2 0-1

[Event " "]
[Site "Clichy II"]
[Date "31.??.??"]
[Round "10.3"]
[White "Silva, Sebastain"]
[Black "Terrieux, Kevin"]
[Result "1-0"]
[WhiteElo "2369"]
[BlackElo "2328"]
[PlyCount "113"]
[EventDate "31.??.??"]
[WhiteTeam "Clichy II"]
[BlackTeam "Guingamp"]

1. d4 Nf6 2. Nf3 e6 3. c4 b6 4. a3 Ba6 5. Qb3 c5 6. d5 b5 7. cxb5 Bb7 8. dxe6
fxe6 9. Bg5 Be7 10. Nbd2 O-O 11. e3 d5 12. Be2 Nbd7 13. O-O Bd6 14. Bh4 Kh8 15.
Qc2 Qe8 16. Rfd1 Rc8 17. a4 Bb8 18. Nf1 e5 19. Bg3 Ne4 20. N3d2 Nxg3 21. Nxg3
e4 22. Bg4 Rf7 23. a5 Rc7 24. Ndf1 Ne5 25. Bh5 g6 26. Be2 d4 27. b6 axb6 28.
axb6 d3 29. bxc7 Bxc7 30. Qxc5 dxe2 31. Nxe2 Nd3 32. Rxd3 exd3 33. Qd4+ Be5 34.
Qxd3 Bb8 35. Rd1 Bc7 36. Nf4 Kg7 37. Ng3 Be5 38. Qc4 Bxf4 39. exf4 Qc6 40. Qxc6
Bxc6 41. Rd6 Bb5 42. Rd4 Ra7 43. h4 Ra1+ 44. Kh2 Ra2 45. b3 Bc6 46. Ne4 Rc2 47.
Ng5 h6 48. Ne4 Bb5 49. Rd2 Rxd2 50. Nxd2 Bc6 51. g4 Kf6 52. Kg3 Bd5 53. Nc4 Ke7
54. f3 h5 55. Kf2 Kd7 56. Ke3 Kc6 57. gxh5 1-0

[Event " "]
[Site "Clichy II"]
[Date "31.??.??"]
[Round "10.4"]
[White "Alanic, Mickael"]
[Black "Mullon, Jean-Baptiste"]
[Result "0-1"]
[WhiteElo "2208"]
[BlackElo "2335"]
[PlyCount "68"]
[EventDate "31.??.??"]
[WhiteTeam "Guingamp"]

1. e4 e6 2. d3 c5 3. g3 Nc6 4. Bg2 g6 5. Nf3 Bg7 6. O-O Nge7 7. c3 d5 8. Re1 h6
9. Qc2 O-O 10. h4 e5 11. Nbd2 Bg4 12. Nf1 Qd7 13. Ne3 Be6 14. c4 dxc4 15. dxc4
Nd4 16. Nxd4 exd4 17. Nd5 Nxd5 18. cxd5 Bh3 19. Bxh3 Qxh3 20. Bf4 Qd7 21. Qc4
Rac8 22. a4 Rfd8 23. Ra3 Kh7 24. Rb3 b6 25. a5 bxa5 26. Rb5 d3 27. d6 a4 28.
Qxd3 Bd4 29. Qc4 Rb8 30. Rxb8 Rxb8 31. Re2 Kg7 32. Qd5 Qe6 33. Qc6 a3 34. Re1
Rxb2 0-1

[Event " "]
[Site "Clichy II"]
[Date "31.??.??"]
[Round "10.5"]
[White "Daurelle, Herve"]
[Black "Gicquel, Frederic"]
[Result "1-0"]
[WhiteElo "2209"]
[BlackElo "2226"]
[PlyCount "87"]
[EventDate "31.??.??"]
[WhiteTeam "Clichy II"]
[BlackTeam "Guingamp"]

1. e4 c6 2. d4 d5 3. exd5 cxd5 4. c4 Nf6 5. Nc3 Nc6 6. cxd5 Nxd5 7. Nf3 Bg4 8.
Qb3 Bxf3 9. gxf3 e6 10. Qxb7 Nxd4 11. Bb5+ Nxb5 12. Qc6+ Ke7 13. Qxb5 Qd7 14.
Nxd5+ Qxd5 15. Qxd5 exd5 16. Bf4 Ke6 17. O-O-O Rd8 18. Rhe1+ Kf5 19. Be3 Bb4
20. Rg1 g6 21. Rg4 Be7 22. Ra4 Rd7 23. Rxa7 Rxa7 24. Bxa7 Ra8 25. Be3 Rxa2 26.
Rxd5+ Ke6 27. Rb5 Bd6 28. Rb6 Kd5 29. Rb7 Bxh2 30. Kb1 Ra4 31. Rxf7 h5 32. Rf6
Be5 33. Rxg6 Rb4 34. Bc1 Bf4 35. Bxf4 Rxf4 36. Rg5+ Kc4 37. Rxh5 Rxf3 38. Rh2
Kb3 39. Rg2 Kc4 40. Kc1 Kb4 41. Kd1 Rb3 42. Rg8 Kc4 43. Rc8+ Kd4 44. Rd8+ 1-0

[Event " "]
[Site "Clichy II"]
[Date "31.??.??"]
[Round "10.6"]
[White "Alanic, Xavier"]
[Black "Delorme, Axel"]
[Result "0-1"]
[WhiteElo "2249"]
[BlackElo "2305"]
[PlyCount "98"]
[EventDate "31.??.??"]
[WhiteTeam "Guingamp"]

1. e4 c5 2. c4 Nc6 3. Nc3 g6 4. g3 Bg7 5. Bg2 d6 6. Nge2 Nf6 7. O-O Nd7 8. d3
Nf8 9. a3 Ne6 10. Rb1 b6 11. b4 Bb7 12. Be3 Ncd4 13. Qd2 O-O 14. h4 f5 15. f3
Qd7 16. Nf4 Nxf4 17. Bxf4 e5 18. Be3 f4 19. Bf2 h5 20. Ne2 Bh6 21. Nxd4 exd4
22. Qe2 Rae8 23. Kh2 fxg3+ 24. Bxg3 Bf4 25. Bh3 Qe7 26. Bxf4 Rxf4 27. Qg2 Kg7
28. Rg1 Qf6 29. Qg5 Rxh4 30. Qxf6+ Kxf6 31. Kg3 g5 32. bxc5 dxc5 33. a4 Bc6 34.
Ra1 Ke5 35. a5 b5 36. cxb5 Bxb5 37. Rgc1 Kd6 38. a6 Bxd3 39. Ra3 c4 40. Ra5 Re5
41. Rca1 Rxa5 42. Rxa5 Rxh3+ 43. Kxh3 c3 44. Kg2 c2 45. Ra1 Kc5 46. Kf2 Kc4 47.
e5 Bf5 48. Re1 Kc3 49. e6 Bxe6 0-1

[Event " "]
[Site "Clichy II"]
[Date "31.??.??"]
[Round "10.7"]
[White "Olivier, Pierre"]
[Black "Bodenez, Vincent"]
[Result "0-1"]
[WhiteElo "2219"]
[BlackElo "2189"]
[PlyCount "86"]
[EventDate "31.??.??"]
[WhiteTeam "Clichy II"]
[BlackTeam "Guingamp"]

1. Nf3 Nf6 2. c4 e6 3. e3 d5 4. Nc3 c6 5. d4 Nbd7 6. Bd3 dxc4 7. Bxc4 b5 8. Bd3
a6 9. e4 c5 10. e5 cxd4 11. Nxb5 axb5 12. exf6 Qb6 13. O-O gxf6 14. Qe2 b4 15.
Rd1 Bc5 16. Bf4 Bb7 17. a3 b3 18. Nd2 Rg8 19. Be4 e5 20. Bg3 Be7 21. Bxh7 Rg7
22. Bf5 Nc5 23. Ne4 Ne6 24. Rac1 Rd8 25. Qh5 Bxe4 26. Bxe4 Nc5 27. Qf3 Kf8 28.
Rc4 Nxe4 29. Qxe4 Qe6 30. Rcc1 Kg8 31. f3 Rd5 32. Qd3 Rd8 33. Re1 Bd6 34. Qc4
Bb8 35. Qxe6 fxe6 36. Rc6 d3 37. Rd1 Rc7 38. Rxc7 Bxc7 39. Bf2 f5 40. Be3 e4
41. fxe4 fxe4 42. Kf2 Be5 43. Rc1 Rf8+ 0-1

[Event " "]
[Site "Clichy II"]
[Date "31.??.??"]
[Round "10.8"]
[White "Le Diouron, Aurelie"]
[Black "Marchadour, Emilie"]
[Result "0-1"]
[WhiteElo "2005"]
[BlackElo "2126"]
[PlyCount "74"]
[EventDate "31.??.??"]
[WhiteTeam "Guingamp"]

1. d4 d5 2. c4 e6 3. Nc3 Nf6 4. Nf3 Be7 5. Bg5 O-O 6. e3 b6 7. Bd3 Bb7 8. O-O
h6 9. Bh4 Ne4 10. Bxe7 Qxe7 11. Qc2 f5 12. Ne5 Qd8 13. f3 Nxc3 14. bxc3 Nd7 15.
Nxd7 Qxd7 16. e4 dxc4 17. Bxc4 Kh8 18. Rae1 Rae8 19. exf5 exf5 20. Re5 Rxe5 21.
dxe5 Qe7 22. Qe2 Qc5+ 23. Kh1 Re8 24. Re1 a6 25. Bd3 Qxc3 26. Bxf5 Bd5 27. e6
Bc4 28. Qd1 Qf6 29. Bg4 Bxe6 30. Qa4 Qf7 31. Re4 b5 32. Qd1 Bxg4 33. Rxe8+ Qxe8
34. fxg4 c5 35. h3 c4 36. Qd4 Qg6 37. a4 Qd3 0-1

[Event " "]
[Site "Clichy II"]
[Date "31.??.??"]
[Round "10.1"]
[White "Aguettaz, Maxime"]
[Black "Grigorov, Grigor"]
[Result "1/2-1/2"]
[WhiteElo "2329"]
[BlackElo "2431"]
[PlyCount "62"]
[EventDate "31.??.??"]
[WhiteTeam "Noyon"]
[BlackTeam "C.E. Nantes"]

1. Nf3 Nf6 2. g3 d5 3. Bg2 c6 4. O-O Bg4 5. d3 Nbd7 6. c4 dxc4 7. dxc4 e5 8.
Nc3 Be7 9. Qc2 O-O 10. Rd1 Qc7 11. h3 Bh5 12. Nh4 $11 Rfe8 13. Nf5 Bf8 14. g4
Bg6 15. Bg5 Kh8 16. Rd2 Be7 17. e4 Nf8 18. Nxe7 Qxe7 19. Rad1 Rad8 20. Be3 a6
21. c5 Rxd2 22. Qxd2 Ne6 23. Qd6 Qxd6 24. Rxd6 Rd8 25. Rxd8+ Nxd8 26. Bg5 Ne6
27. Bxf6 gxf6 28. b4 Nd4 29. a4 a5 30. bxa5 Nb3 31. Nb5 Nxa5 1/2-1/2

[Event " "]
[Site "Clichy II"]
[Date "31.??.??"]
[Round "10.2"]
[White "Petkov, Vladimir"]
[Black "Van Mil, Johannes A. J"]
[Result "1-0"]
[WhiteElo "2456"]
[BlackElo "2366"]
[PlyCount "123"]
[EventDate "31.??.??"]
[WhiteTeam "C.E. Nantes"]

1. d4 f5 2. g3 Nf6 3. Bg2 g6 4. c3 d6 5. Nd2 e5 6. dxe5 dxe5 7. Qb3 Nc6 8. Nc4
e4 9. Nh3 Rb8 10. Bg5 h6 11. Rd1 Qe7 12. Bxf6 Qxf6 13. Nf4 b5 14. Ne3 Bd6 15.
h4 Qf7 16. h5 g5 17. Ng6 Rh7 18. g4 Ne7 19. Nxe7 Qxb3 20. axb3 Rxe7 21. gxf5 b4
22. c4 Be5 23. Bxe4 Bxb2 24. Bc6+ Kf7 25. Rd8 Bf6 26. Bd5+ Kg7 27. Rg8+ Kh7 28.
Rg6 Bc3+ 29. Kf1 Rxe3 30. fxe3 Bxf5 31. Rc6 Be5 32. Kg2 Rf8 33. Rd1 g4 34. e4
Bc8 35. Rf1 Rxf1 36. Kxf1 g3 37. Be6 Bb7 38. Bf5+ Kg7 39. Rg6+ Kf7 40. Rxh6 a5
41. Rh7+ Kf6 42. Rh8 Kg5 43. Re8 Bd6 44. c5 Bxc5 45. Re5 Bd4 46. Rxa5 Bb6 47.
Rb5 Ba6 48. Rd5 Bb7 49. Rd3 Bf2 50. Rd7 Bb6 51. Kg2 Kxh5 52. Kxg3 Kg5 53. Rf7
Bd4 54. Kf3 Be5 55. Re7 Bd6 56. Re6 Bc6 57. Rg6+ Kh5 58. Rg1 Be5 59. Rc1 Bc3
60. Rh1+ Kg5 61. Rg1+ Kh5 62. Kf4 1-0

[Event " "]
[Site "Clichy II"]
[Date "31.??.??"]
[Round "10.3"]
[White "Hommeles, Theo"]
[Black "Delaunay, Sebastien"]
[Result "1/2-1/2"]
[WhiteElo "2386"]
[BlackElo "2346"]
[PlyCount "101"]
[EventDate "31.??.??"]
[WhiteTeam "Noyon"]
[BlackTeam "C.E. Nantes"]

1. e4 Nf6 2. e5 Nd5 3. d4 d6 4. Nf3 c6 5. Be2 dxe5 6. Nxe5 g6 7. O-O Bg7 8. Nd2
O-O 9. Ndf3 a5 10. Re1 Nd7 11. Nd3 a4 12. Bd2 Re8 13. h3 Nf8 14. Qc1 Bf5 15.
Nde5 Nd7 16. Nxf7 Kxf7 17. g4 e6 18. c4 N5f6 19. gxf5 exf5 20. Bg5 Qa5 21. Bd3
Rxe1+ 22. Qxe1 Qxe1+ 23. Rxe1 Re8 24. Rxe8 Kxe8 25. Be3 Bf8 26. Bc2 a3 27. b3
Nb8 28. Ne5 Na6 29. f3 Bb4 30. Nd3 Bc3 31. Kf1 b5 32. Ke2 Nd7 33. Bc1 Bxd4 34.
Bxa3 Nb6 35. cxb5 cxb5 36. Bc1 Nd5 37. a3 Nac7 38. Nf4 Nxf4+ 39. Bxf4 Ne6 40.
Bd2 Bc5 41. b4 Bd6 42. Bd3 Nc7 43. Kd1 Kd7 44. Kc2 Kc6 45. Kb3 Ne6 46. Be3 Nf4
47. Bf1 Nd5 48. Bd2 Nb6 49. Bd3 Be5 50. Bc3 Bf4 51. Bd4 1/2-1/2

[Event " "]
[Site "Clichy II"]
[Date "31.??.??"]
[Round "10.4"]
[White "Gerard, Nicolas"]
[Black "Nguyen, Chi-Minh"]
[Result "0-1"]
[WhiteElo "2288"]
[BlackElo "2345"]
[PlyCount "96"]
[EventDate "31.??.??"]
[WhiteTeam "C.E. Nantes"]

1. d4 e6 2. e4 d5 3. exd5 exd5 4. c4 Bb4+ 5. Nc3 Nc6 6. a3 Bxc3+ 7. bxc3 Nge7
8. Bd3 Bf5 9. Bxf5 Nxf5 10. Qd3 Nfe7 11. cxd5 Qxd5 12. Nf3 Qf5 13. Qxf5 Nxf5
14. Ke2 O-O-O 15. Kd3 f6 16. Re1 h5 17. Bb2 Na5 18. a4 c5 19. Re6 cxd4 20. Rae1
dxc3+ 21. Kxc3 Rd6 22. Rxd6 Nxd6 23. Nd4 Kd7 24. Ba3 Rc8+ 25. Kd3 Nac4 26. Bxd6
Nxd6 27. f4 Re8 28. Rc1 b6 29. Nb5 Ne4 30. Kd4 a6 31. Nc3 Nxc3 32. Rxc3 Kd6 33.
Rc1 f5 34. Kd3 Kd5 35. g3 g6 36. Rc2 a5 37. Rb2 Kc6 38. Rc2+ Kb7 39. Rc4 Re7
40. Rc2 Re4 41. Ra2 h4 42. Ra3 Re1 43. Kd4 h3 44. Ra2 Rg1 45. Re2 Rg2 46. Re7+
Ka6 47. Re6 Rxh2 48. Rxg6 Rh1 0-1